header

Developing web pages with jQuery (Record no. 56820)

MARC details
000 -LEADER
fixed length control field 01100nam a2200289Ia 4500
100 1# - MAIN ENTRY--AUTHOR NAME
Personal name Gosselin, Don.
245 10 - TITLE STATEMENT
Title Developing web pages with jQuery
260 ## - PUBLICATION, DISTRIBUTION, ETC. (IMPRINT)
Place of publication Boston :
Name of publisher Cengage Learning,
Year of publication c2013.
300 ## - PHYSICAL DESCRIPTION
Number of Pages xiv, 333 p. :
Other physical details ill.
500 ## - GENERAL NOTE
General note Includes index.
650 #0 - SUBJECT ADDED ENTRY--TOPICAL TERM
Topical Term Web site development
Topical Term JavaScript (Computer program language)
856 40 - ELECTRONIC LOCATION AND ACCESS
Uniform Resource Identifier http://site.ebrary.com/lib/rucke/Doc?id=10621350

No items available.

© 2026 Rongo University
Contact us: librarian | system librarian | Rongo university